|
|
|
|
| LEADER |
00000nam0a2200000 4500 |
| 001 |
103026 |
| 005 |
20231031113210.0 |
| 035 |
|
|
|a (RuTPU)RU\TPU\book\111078
|
| 035 |
|
|
|a RU\TPU\book\100339
|
| 090 |
|
|
|a 103026
|
| 100 |
|
|
|a 20061011d2006 km y0rusy50 ca
|
| 101 |
0 |
|
|a rus
|
| 102 |
|
|
|a RU
|
| 105 |
|
|
|a y i 000zy
|
| 200 |
1 |
|
|a Охрана окружающей среды, лесное хозяйство и природные ресурсы Томской области
|e 2000-2005 гг.
|e статистический сборник
|f Томская область, Комитет государственной статистики (Томскстат) ; отв. за вып. З. А. Пономарева
|
| 210 |
|
|
|a Томск
|c Томскоблстат
|d 2006
|
| 215 |
|
|
|a 33 с.
|
| 330 |
|
|
|a Настоящий сборник содержит статистические материалы, характеризующие в динамике данные по охране окружающей среды, лесному хозяйству и природным ресурсам. Отдельные показатели приведены в разрезе городов и районов Томской области. В сборнике использованы данные статистической отчетности предприятий и организаций всех форм собственности.
|
| 610 |
1 |
|
|a экономика
|
| 610 |
1 |
|
|a экономическая география
|
| 610 |
1 |
|
|a статистика
|
| 610 |
1 |
|
|a экология
|
| 610 |
1 |
|
|a природные ресурсы
|
| 610 |
1 |
|
|a лесное хозяйство
|
| 610 |
1 |
|
|a окружающая среда
|
| 610 |
1 |
|
|a охрана
|
| 675 |
|
|
|a 502
|v 3
|
| 686 |
|
|
|a У9(2Р53)-05
|v LBC/SL-A
|2 rubbk
|
| 702 |
|
1 |
|a Пономарева
|b З. А.
|4 540
|
| 712 |
0 |
1 |
|a Томская область
|b Комитет государственной статистики (Томскстат)
|2 stltpush
|3 (RuTPU)RU\TPU\col\372
|
| 801 |
|
1 |
|a RU
|b 63413507
|c 20060331
|g PSBO
|
| 801 |
|
2 |
|a RU
|b 63413507
|c 20190815
|g PSBO
|
| 942 |
|
|
|c BK
|